Préfectures et sous-préf. les moins importantes pour leur département - Statistiques

Statistiques générales
  • Ce quiz a été pris 19 fois
  • Le résultat moyen est 8 sur 20
Statistiques - réponses
Communes % Correct
Le Raincy
61%
L'Haÿ-les-Roses
61%
Basse-Terre
56%
Bobigny
56%
Castellane
50%
Largentière
44%
Nogent-sur-Marne
39%
Saint-Benoît
39%
Saint-Pierre
39%
Antony
33%
Avesnes-sur-Helpe
33%
Le Marin
33%
Le Vigan
33%
Pointe-à-Pitre
33%
Châteaulin
28%
La Trinité
28%
Montreuil-sur-Mer
28%
Nantua
28%
Blaye
22%
Saint-Georges
22%
Aucun quiz correspondant
Distribution des résultats
% des personnes avec chaque résultat
Percentile par nombre de réponses
Votre historique - résultats
Vous n’avez pas pris ce quiz